Regelungen zur Bekämpfung der Geldwäsche und ihre Anwendung in der Praxis: Geldwäschegesetz, Gesetz zur Verbesserung der Bekämpfung der organisierten Kriminalität, internationale Regelungen
| Vorheriger Titel: | Regelungen zur Bekämpfung der Geldwäsche und ihre Anwendung in der Praxis |
|---|---|
| VerfasserInnen: | ; |
| Beteiligte: | |
| Medienart: | Druck Buch |
| Sprache: | Deutsch |
| Veröffentlicht: |
Bielefeld
Erich Schmidt
1998
|
| In: | Jahr: 1998 |
| Ausgabe: | 2., neubearb. und erw. Aufl. |
| Online-Zugang: |
Inhaltsverzeichnis Inhaltsverzeichnis |
| Bestand in Tübingen: | In Tübingen vorhanden. IFK: F IX 92 |
| Verfügbarkeit prüfen: | HBZ Gateway |
| Subito Bestelldienst: | Jetzt bestellen. |
| Schlagwörter: |
MARC
| LEADER | 00000cam a2200000 c 4500 | ||
|---|---|---|---|
| 001 | 248711091 | ||
| 003 | DE-627 | ||
| 005 | 20260206194344.0 | ||
| 007 | tu | ||
| 008 | 980911s1998 gw ||||| 00| ||ger c | ||
| 015 | |a 98,N39,0292 |2 dnb | ||
| 015 | |a 98,A49,0596 |2 dnb | ||
| 016 | 7 | |a 954486293 |2 DE-101 | |
| 020 | |a 3503041516 |c : DM 148.00, sfr 131.00, S 1080.00 (Pp.) |9 3-503-04151-6 | ||
| 035 | |a (DE-627)248711091 | ||
| 035 | |a (DE-603)059809906 | ||
| 035 | |a (DE-576)067671667 | ||
| 035 | |a (DE-599)GBV248711091 | ||
| 035 | |a (OCoLC)231783184 | ||
| 035 | |a (OCoLC)40362135 | ||
| 035 | |a (DE-604)8121581977 | ||
| 040 | |a DE-627 |b ger |c DE-627 |e rakwb | ||
| 041 | |a ger | ||
| 044 | |c XA-DE |c XA | ||
| 082 | 0 | |a 345.43/0268 | |
| 082 | 0 | |a 345.430268 |q LoC |2 DDC21oclc | |
| 084 | |a 19 |a 17 |a 20 |2 sdnb | ||
| 084 | |a 2 |2 ssgn | ||
| 084 | |a PH 6040 |2 rvk |0 (DE-625)rvk/136213: | ||
| 084 | |a PH 3960 |2 rvk |0 (DE-625)rvk/136099: | ||
| 084 | |a 86.35 |2 bkl | ||
| 100 | 1 | |a Hoyer, Petra |d 1958- |0 (DE-588)173218199 |0 (DE-627)698138155 |0 (DE-576)134068076 |4 aut | |
| 109 | |a Hoyer, Petra 1958- | ||
| 245 | 1 | 0 | |a Regelungen zur Bekämpfung der Geldwäsche und ihre Anwendung in der Praxis |b Geldwäschegesetz, Gesetz zur Verbesserung der Bekämpfung der organisierten Kriminalität, internationale Regelungen |c von Petra Hoyer und Joachim Klos. Mitbegr. von Dieter Carl |
| 250 | |a 2., neubearb. und erw. Aufl. | ||
| 264 | 1 | |a Bielefeld |b Erich Schmidt |c 1998 | |
| 300 | |a XXXII, 608 S. |b graph. Darst., Kt. |c 24 cm | ||
| 336 | |a Text |b txt |2 rdacontent | ||
| 337 | |a ohne Hilfsmittel zu benutzen |b n |2 rdamedia | ||
| 338 | |a Band |b nc |2 rdacarrier | ||
| 500 | |a Literaturverz. S. 597 - 601 | ||
| 689 | 0 | 0 | |d s |0 (DE-588)4239585-9 |0 (DE-627)104870907 |0 (DE-576)210422718 |a Geldwäsche |2 gnd |
| 689 | 0 | 1 | |d s |0 (DE-588)4112701-8 |0 (DE-627)104321679 |0 (DE-576)209470127 |a Bekämpfung |2 gnd |
| 689 | 0 | 2 | |d s |0 (DE-588)4115712-6 |0 (DE-627)104262664 |0 (DE-576)209495464 |a Rechtsvergleich |2 gnd |
| 689 | 0 | |5 DE-101 | |
| 689 | 1 | 0 | |d b |0 (DE-588)5098525-5 |0 (DE-627)132918269 |0 (DE-576)194702391 |a Europäische Union |2 gnd |
| 689 | 1 | 1 | |d s |0 (DE-588)4239585-9 |0 (DE-627)104870907 |0 (DE-576)210422718 |a Geldwäsche |2 gnd |
| 689 | 1 | 2 | |d s |0 (DE-588)4112701-8 |0 (DE-627)104321679 |0 (DE-576)209470127 |a Bekämpfung |2 gnd |
| 689 | 1 | |5 DE-101 | |
| 700 | 1 | |a Klos, Joachim |d 1953- |0 (DE-588)120894319 |0 (DE-627)080953107 |0 (DE-576)29243460X |4 aut | |
| 700 | 1 | |a Carl, Dieter |d 1954-1995 |e Begr. |0 (DE-588)133287572 |0 (DE-627)539934933 |0 (DE-576)160525489 |4 oth | |
| 780 | 0 | 0 | |i Frühere Aufl. u.d.T. |a Carl, Dieter, 1954 - 1995 |t Regelungen zur Bekämpfung der Geldwäsche und ihre Anwendung in der Praxis |d Bielefeld : Erich Schmidt, 1994 |h 256 S. |w (DE-627)14807975X |w (DE-576)037830708 |z 3503035052 |k Non-Electronic |
| 856 | 4 | 2 | |u https://swbplus.bsz-bw.de/bsz067671667inh.htm |m V:DE-576 |v 2007-02-23 |3 Inhaltsverzeichnis |7 1 |
| 856 | 4 | 2 | |u http://scans.hebis.de/HEBCGI/show.pl?05980990_toc.pdf |m V:DE-576 |q application/pdf |3 Inhaltsverzeichnis |7 1 |
| 935 | |h HEB |i 0501 | ||
| 935 | |h HEB |i 0503 | ||
| 936 | r | v | |a PH 6040 |b Vergleichendes Strafrecht |k Rechtswissenschaft |k Strafrecht, Strafverfahrensrecht, Kriminologie |k Vergleichendes und ausländisches Straf- und Strafprozessrecht einschliesslich Strafvollzug |k Rechtsvergleich |k Vergleichendes Strafrecht |0 (DE-627)1271793709 |0 (DE-625)rvk/136213: |0 (DE-576)201793709 |
| 936 | r | v | |a PH 3960 |b Begünstigung, Strafvereitelung, Hehlerei, Geldwäsche |k Rechtswissenschaft |k Strafrecht, Strafverfahrensrecht, Kriminologie |k Strafrecht |k Anschlussstraftaten |k Begünstigung, Strafvereitelung, Hehlerei, Geldwäsche |0 (DE-627)1271739844 |0 (DE-625)rvk/136099: |0 (DE-576)201739844 |
| 936 | b | k | |a 86.35 |j Strafrecht: Besonderer Teil |0 (DE-627)106416731 |
| 936 | s | n | |a p100 |2 mzub |
| 936 | s | n | |a q100 |2 mzub |
| 936 | s | n | |a m100 |2 mzub |
| 951 | |a BO | ||
| ELC | |b 1 | ||
| LOK | |0 000 xxxxxcx a22 zn 4500 | ||
| LOK | |0 001 326234009X | ||
| LOK | |0 003 DE-627 | ||
| LOK | |0 004 248711091 | ||
| LOK | |0 005 20020411000000 | ||
| LOK | |0 008 990514||||||||||||||||ger||||||| | ||
| LOK | |0 040 |a DE-21-110 |c DE-627 |d DE-21-110 | ||
| LOK | |0 852 |a DE-21-110 | ||
| LOK | |0 852 1 |c F IX 92 |m p |9 00 | ||
| LOK | |0 935 |a k110 | ||
| LOK | |0 936ln |a 10.15 | ||
| LOK | |0 938 |k p | ||
| LOK | |0 939 |a 14-05-99 |b l01 | ||
| ORI | |a SA-MARC-krimdoka001.raw | ||
| SIG | |a IFK: F IX 92 | ||
| TIM | |a 100019931101_100020261231 |b 1993-11-01 - 2026 | ||
